000
00309nam a22001457a 4500
008
210609b ||||| |||| 00| 0 eng d
020
_a
9780324364323
041
_a
eng
080
_a
338
082
_a
338
100
_a
54
101
_a
MEN
245
_a
Strategic Management
_c
Hitt,M.A
942
_2
udc
_c
BK
999
_c
58068
_d
58068